Statistics for Biggest City to U.S State

Click here to take the quiz!

General Stats

  • This quiz has been taken 21 times
  • The average score is 14 of 15

Answer Stats

HintAnswer% Correct
AnchorageAlaska
100%
DetroitMichigan
100%
Los AngelesCalifornia
95%
DenverColorado
95%
MiamiFlorida
95%
HonoluluHawaii
95%
BoiseIdaho
95%
ChicagoIllinois
95%
New OrleansLouisiana
95%
Kansas CityMissouri
95%
ColumbusOhio
95%
PortlandOregon
95%
HoustonTexas
95%
SeattleWashington
95%
BaltimoreMaryland
90%

Score Distribution

Percentile by Number Answered

Percent of People with Each Score

Your Score History

You have not taken this quiz